000 00981nam a2200229 i 4500
001 120009
003 ES-MaACL
005 20260127062544.0
007 t|
008 070214s1948 sp r ||||1| spa d
100 1 _aPérez Serrano, Nicolás,
_d1890-1961
_991160
245 1 4 _aLas ficciones en el Derecho Constitucional
_b: discurso leído el día 25 de mayo de 1948 en su recepción pública /
_cpor Nicolás Pèrez Serrano ; contestación de Manuel de la Plaza Navarro.
260 _aMadrid :
_b[s.n.],
_c1948 (
_fImp. Viuda de Galo Sèz)
300 _a104 p. ;
_c24 cm.
500 _aPrecede al Tit : Real Academia de Jurisprudencia y Legislación.
650 4 _aFicciones jurídicas.
_9164461
650 0 7 _aDerecho constitucional
_2embne
_911680
700 1 _aPlaza Navarro, Manuel de la,
_d1886-1960
_992632
700 _aReal Academia de Jurisprudencia y Legislación de España
_9217612
852 _aES-MaACL
_j1886-F-14
_bR.25961
999 _c120009
_d120009